Statistics for Complete the quote - Friends

Click here to take the quiz!

General Stats

  • This quiz has been taken 496 times
    (481 since last reset)
  • The average score is 13 of 20

Answer Stats

Quote% Correct
Joey doens't {share food}!
95%
Smelly cat, smelly cat {what are they feeding you}
88%
Just so you know, it’s not that common, it doesn't happen to every guy and {it is a big deal}
85%
I'm not great at the advice. Can I interest you in a {sarcastic comment}
84%
Yeah, well, Hurricane Gloria didn’t break the porch swing {Monica did}
83%
If you want to receive e-mails about my upcoming shows, then please give me money so I can {buy a computer}
81%
- Phoebe, do you have a "plan"? - I don't even have a {pla}
81%
This is brand new {information}!
80%
I. Am over. You. And that, my friend, is what they call {closure}
77%
I have a really strong feeling that this cat {is my mother}
76%
That’s right, I stepped up! She’s my friend and she needed help. If I had to, I’d {pee on anyone of you}
74%
Paper! Snow! {A ghost}!
59%
Unagi isn't something you are, it's {something you have}
58%
Well, you know, you have to take a course. Otherwise they won’t let {you do it}
47%
I'm hopeless and awkward and {desperate for love}
46%
And remember, if I'm harsh with you, it's only because you're {doing it wrong}
43%
Dear god! This parachute is a {knapsack}
40%
Name? I know Ross, but what is it short for? You know, like, like Rossel or {Rosstepher}
35%
Good job, Joe, you're quite the {craftsman}
26%
L is for love and what is life without love. O is for oh wow. The V is for this {very surprising turn of events}
17%

Score Distribution

Percentile by Number Answered

Percent of People with Each Score

Your Score History

You have not taken this quiz since the last reset